00828nmm a2200229Ia 4500008004100000020001800041041000800059100002600067245013000093264007900223300001800302490001200320650003000332700002600362700003900388700003800427700003400465700002400499856005100523942000700574999001700581251105s9999||||xx |||||||||||||||||und|| a9789587812640 aspa aNiño Bernal, Raúl 0aLas ciencias sociales y humanas en la actual sociedad del conocimiento: Escenarios de indagación ínter y transdisciplinar a[Bogotá, Colombia] :bEditorial Pontificia Universidad Javeriana, c2018 a178 páginas aTejidos aSocial Sciences (General) aNiño Bernal, Raúl1 a Rodríguez Ruiz, Jaime Alejandro1 a Marciales Vivas, Gloria Patricia1 a Jaramillo Marín, Jefferson1 a Barreneche, Carlos uhttps://public.digitaliapublishing.com/a/60667 cCF c69367d69367